|
|
|
|
| LEADER |
00000naa0a2200000 4500 |
| 001 |
648561 |
| 005 |
20250905155510.0 |
| 035 |
|
|
|a (RuTPU)RU\TPU\network\13720
|
| 035 |
|
|
|a RU\TPU\network\12529
|
| 090 |
|
|
|a 648561
|
| 100 |
|
|
|a 20160525d2015 k y0rusy50 ca
|
| 101 |
0 |
|
|a rus
|
| 102 |
|
|
|a RU
|
| 135 |
|
|
|a drgn ---uucaa
|
| 181 |
|
0 |
|a i
|
| 182 |
|
0 |
|a b
|
| 200 |
1 |
|
|a СВС в системе "Ti-C" c большим содержанием инертной связки
|f М. Г. Криницын
|
| 203 |
|
|
|a Текст
|c электронный
|
| 300 |
|
|
|a Заглавие с титульного листа
|
| 320 |
|
|
|a [Библиогр.: с. 36 (4 назв.)]
|
| 337 |
|
|
|a Adobe Reader
|
| 463 |
|
|
|t Тринадцатая всероссийская с международным участием школа - семинар по структурной макрокинетике для молодых ученых имени академика А.Г. Мержанова
|o программа и материалы XIII Всероссийской с международным участием школы-семинара, Черноголовка, 25-27 ноября 2015 г.
|f Российская академия наук (РАН), Институт структурной макрокинетики и проблем материаловедения (ИСМАН) ; Тамбовский государственный технический университет (ТГТУ) ; Московский государственный институт стали и сплавов (МИСиС) ; под ред. А. М. Столин
|v [С. 33-36]
|d 2015
|
| 610 |
1 |
|
|a электронный ресурс
|
| 610 |
1 |
|
|a труды учёных ТПУ
|
| 610 |
1 |
|
|a самораспространяющийся высокотемпературный синтез
|
| 610 |
1 |
|
|a аддитивные технологии
|
| 610 |
1 |
|
|a порошки
|
| 610 |
1 |
|
|a металлы
|
| 700 |
|
1 |
|a Криницын
|b М. Г.
|g Максим Германович
|
| 712 |
0 |
2 |
|a Национальный исследовательский Томский политехнический университет (ТПУ)
|b Институт физики высоких технологий (ИФВТ)
|b Кафедра физики высоких технологий в машиностроении (ФВТМ)
|3 (RuTPU)RU\TPU\col\18687
|
| 801 |
|
2 |
|a RU
|b 63413507
|c 20160525
|g RCR
|
| 856 |
4 |
|
|u http://www.ism.ac.ru/events/AllRussiaSchool13/proceedings1.pdf#page=33
|
| 942 |
|
|
|c CF
|